000
00415nam a2200145Ia 4500
008
090124s9999 xx 000 0 und d
082
_b
201222
245
_a
माग वळून
250
_a
1
260
_b
भावे पु. भा. (पुरुषोत्तम भास्कर)
_c
1967
300
_a
172
630
_a
माग वळून
730
_a
माग वळून
942
_c
BOOK
999
_c
182803
_d
182803